| 000 | 02619nam a2200541Ii 4500 | ||
|---|---|---|---|
| 001 | DIGSIRLA0530 | ||
| 003 | NyNyDIG | ||
| 006 | m o d | ||
| 008 | 170410s2011 sp ob 000 f spa d | ||
| 007 | cr ||||||||||| | ||
| 035 | _a(OCoLC)982110584 | ||
| 040 |
_aDGITA _beng _erda _epn _cDGITA |
||
| 020 |
_a9788498415940 _q(eBook ; _qePub) |
||
| 020 |
_a8498415942 _q(eBook ; _qePub) |
||
| 020 |
_a9788498417715 _q(eBook ; _qKindle) |
||
| 020 |
_a8498417716 _q(eBook ; _qKindle) |
||
| 020 | _z9788498415506 | ||
| 020 | _z8498415500 | ||
| 041 | 1 |
_aspa _hfre |
|
| 050 | 1 | 4 | _aPQ1279.S8 ebook |
| 082 | 0 | 4 | _a843.508353 |
| 245 | 0 | 0 |
_aCuentos y relatos libertinos / _cVoltaire [and thirteen others] ; prólogo de Andrés Barba ; edición y traducción del francés de Mauro Armiño. |
| 250 | _aEdición en formato digital. | ||
| 264 | 1 |
_aMadrid : _bEdiciones Siruela _c[2011] |
|
| 300 | _a1 online resource. | ||
| 336 |
_atext _btxt _2rdacontent |
||
| 337 |
_acomputer _bc _2rdamedia |
||
| 338 |
_aonline resource _bcr _2rdacarrier |
||
| 490 | 1 |
_aTiempo de clásicos ; _v6 |
|
| 504 | _aIncludes bibliographical references. | ||
| 505 | 0 | _aEl mozo de cuerda tuerto / Voltaire -- Historia del príncipe Apprio / Godard de Beauchamps -- El silfo / Claude de Crébillon -- Temidoro / Godard d'Aucour -- El sultán Misapuf y la princesa Grisemina / Voisenon -- Las campanillas / Guillard de Servigné -- El canapé color de fuego ; Margot la remendona / Fougeret de Monbron -- La reina de Golconda / Boufflers -- La petite maison / Jean-François de Bastide -- Sin mañana / Vivant Denon -- Confesión de una jóven / Pidansat de Mairobert -- La mesalina francesa / Anónimo -- El hijo del burdel / Pigault-Lebrun -- Émile de Tourville / Marqués de Sade. | |
| 588 | 0 | _aOnline resource; title from ePub title page (Digitalia, viewed April 10, 2017) | |
| 650 | 0 |
_aLibertinism _vFiction. |
|
| 650 | 0 |
_aLust _vFiction. |
|
| 650 | 0 |
_aFrench literature _y18th century. |
|
| 650 | 0 | _aLust in literature. | |
| 655 | 0 | _aElectronic books. | |
| 700 | 1 |
_aVoltaire, _d1694-1778, _eauthor. |
|
| 700 | 1 |
_aArmiño, Mauro, _eeditor, _etranslator. |
|
| 700 | 1 |
_aBarba, Andrés, _d1975- _econtributor agent of text. |
|
| 791 | 2 |
_aDigitalia (Firm), _edistributor. |
|
| 793 | 0 |
_gDigitalia eBook Collection: _aSiruela |
|
| 776 | 0 | 8 |
_iPrint version: _tCuentos y relatos libertinos. _dMadrid : Siruela, [2011] _z9788498415506 |
| 830 | 0 |
_aTiempo de clásicos (Ediciones Siruela) ; _v6. |
|
| 856 | 4 | 0 |
_3Digitalia Hispánica _uhttps://www.digitaliapublishing.com/a/44823/ |
| 910 | _aPremium collection: 2017 | ||
| 942 | _cRAA | ||
| 999 |
_c248807 _d248807 |
||